000 00485nam a2200193Ia 4500
008 101110s9999 xx 000 0 und d
041 _aENGLISH
082 _bSR9993
_a909
100 _aDavies H.A.
245 _aOutline History of the World 5th ed.
365 _b20
520 _aHistory
546 _aENGLISH
630 _aOutline History of the World 5th ed.
650 _aHistory
655 _aHistory
730 _aOutline History of the World 5th ed.
942 _cBOOK
999 _c805010
_d805007